000 00300nam a2200121Ia 4500
008 240731s9999 xx 000 0 und d
022 _a2167-3446
245 0 _aBulletin of Spanish Studies
260 _bRoutledge
856 _uhttps://www.tandfonline.com/loi/cbhs18
942 _2ddc
942 _cTFEJ
999 _c75707
_d75707
945 _a1
_bMadushi Gamage
_c1
_dMadushi Gamage